| 000 | 01081nam a2200229Ia 4500 | ||
|---|---|---|---|
| 003 | GCL | ||
| 008 | 140319s9999 xx 000 0 ara d | ||
| 040 |
_aGCL / _cGCL |
||
| 082 | 0 | 4 |
_aق _b962.064 _bأ م |
| 100 | 1 | _aاحمد شلبى | |
| 245 | 1 | 0 |
_aموسوعة التاريخ الاسلامى والحضارة الاسلامية ( مج 9 ) : _bدراسات تفصيلية عن تاريخ مصر المعاصر ( ثورة 23 يوليو منيوم الى يوم ) / _cاحمد شلبى |
| 250 | _aالثانية | ||
| 260 |
_aالقاهرة : _bمكتبة النهضة المصرية ، _c1983 |
||
| 300 |
_a819 ص ؛ _c24 سم |
||
| 650 | 0 | 4 | _aالتاريخ الاسلامى |
| 650 | 0 | 4 | _aثورة 23 يوليو 1952 |
| 650 | 0 | 4 | _aالحضارة الاسلامية |
| 650 | 0 | 4 | _aمصر - تاريخ - العصر الحديث - جمال عبدالناصر ( 1954-1970 ) |
| 650 | 0 | 4 | _aمصر - تاريخ - العصر الحديث - محمد نجيب(1952-1954) |
| 650 | 0 | 4 | _aمصر - تاريخ - العصر الحديث - ثورة 23 يوليو 1952 |
| 942 |
_2ddc _cBK |
||
| 999 |
_c42795 _d42795 |
||